| 000 | 00588nam a2200217Ia 4500 | ||
|---|---|---|---|
| 003 | OSt | ||
| 005 | 20220918213333.0 | ||
| 006 | a|||||r|||| 00| 0 | ||
| 007 | ta | ||
| 008 | 220917b |||||||| |||| 00| 0 eng d | ||
| 024 | _a132,217 | ||
| 037 | _cTextual | ||
| 040 |
_aARTS _cARTS _beng |
||
| 041 |
_2eng _aeng |
||
| 082 | _aX:744:(B28), bL8 (RR) | ||
| 245 | 0 | _aWorld index of economic forecasts ed by George Cyriax | |
| 260 |
_aWestmead _bGower Press _c1978 |
||
| 650 | _aECONOMICS | ||
| 942 |
_hX:744:(B28), bL8 (RR) _cTEXL _2CC |
||
| 999 |
_c255339 _d255339 |
||